LEADER 00880nam0-22003011i-450- 001 990002017410403321 005 20070216105845.0 035 $a000201741 035 $aFED01000201741 035 $a(Aleph)000201741FED01 035 $a000201741 100 $a20030910d1908----km-y0itay50------ba 101 0 $ager 200 1 $a<>Insektenfamilie der Phasmiden$fK. Brunner von Wattenwyl, Jos. Redtenbacher 210 $aLeipzig$cWilhelm Engelman$d1908 215 $a589 p., 27 tav.$d33 cm 610 0 $aPhasmatodea 610 0 $aOrtotteroidei 676 $a595.724 700 1$aBrunner von Wattenwyl,$bKarl$0287134 701 1$aRedtenbacher,$bJoseph$085477 801 0$aIT$bUNINA$gRICA$2UNIMARC 901 $aBK 912 $a990002017410403321 952 $a61 IV D.5/87$b635$fDAGEN 959 $aDAGEN 996 $aInsektenfamilie der Phasmiden$9405767 997 $aUNINA